| 000 | 004570000a22001690004500 | ||
|---|---|---|---|
| 003 | LK-CoMWRAF | ||
| 008 | 230817t ||||| |||| 00| 0 eng d | ||
| 040 |
_aLK-CoMWRAF _dLK-CoMWRAF _eLK-CoMWRAF |
||
| 041 | _aeng | ||
| 082 |
_a470 _bWAT |
||
| 100 | _aWaterman, Peter | ||
| 245 |
_aA More real thing than big, big coke: the new internationalism _b |
||
| 260 |
_aNertherland _bISS _c1987 |
||
| 300 | _ap.30 | ||
| 650 | _adevelopment & economics | ||
| 942 | _cBK | ||
| 999 |
_c3028 _d3028 |
||